Visualizzazione normale
Vista MARC
- Gennai M., Bozzoloi C., Margola D., Madonna G., Tata C
di Personal Name
Records bibliografici associati: 1
001 - CONTROL NUMBER
- control field: 60245
003 - CONTROL NUMBER IDENTIFIER
- control field:
005 - DATE AND TIME OF LATEST TRANSACTION
- control field: 20230929113628.0
008 - FIXED-LENGTH DATA ELEMENTS
- fixed length control field: 230929|| aca||aabn | a|a d
040 ## - CATALOGING SOURCE
- Original cataloging agency:
- Transcribing agency:
100 ## - HEADING--PERSONAL NAME
- Personal name: Gennai M., Bozzoloi C., Margola D., Madonna G., Tata C
670 ## - SOURCE DATA FOUND
- Source citation: Work cat.: ()230359: Cigoli Vittorio (et al.) 57800, La relazione di coppia, 2003